000 00615nam a2200205Ia 4500
008 241004s9999 xx 000 0 und d
020 _a9781529722475
037 _aTextbook
040 _aARTS
_beng
_cARTS
041 _aeng
_2eng
084 _aD65,8(B):71 R2
_qARTS
100 _aBorgatti Stephen P. [et...al] Au.
_9724641
245 _aAnalyzing social networks using R
_cBorgatti Stephen P. [et...al] Au.
260 _aUSA
_bLos Angeles Sage
_c2022
300 _axvii,359p.
365 _aUKP
_b34.99
650 _aEngineering
942 _cTB
_hD65,8(B):71 R2
999 _c1218788
_d1218788